000 01079nam a2200313Ia 4500
001 57230
003 CO-BoRNBP
005 20250605154424.0
007 ta
008 180109s9999 xx 000 0 und d
020 _a9789584245939\9584245937
040 _aCO-BoRNBP
_bspa
_erda
_cCO-BoRNBP
041 _aspa
082 0 _a909 C76
100 1 _aCrofton, Ian,
_960009
245 1 0 _a50 cosas que hay que saber sobre Historia del mundo /
_cIan Croffton ; traducción de Francisco García Lorenzana.
250 _aPrimera edición
264 1 _aBogotá :
_bAriel;2015
300 _a219 páginas ;
_c23 cm
336 _atexto
_btxt
_2rdacontent
337 _asin mediación
_bn
_2rdamedia
338 _avolumen
_bnc
_2rdacarrier
505 0 _aDe la antiguedad a la edad media Otros mundos La edad moderna Una era de transformaciones El siglo XX y después.
650 0 4 _aCivilizacion - Historia
_2LEMB
_97617
650 0 0 _aHistoria antigua
_2LEMB
_914171
650 0 0 _aHistoria universal
_2LEMB
700 1 _aGarcía Lorenzana, Francisco, 1966-
_960010
942 _2ddc
_cBK
999 _c57230
_d57230